| 000 | 00564nam a2200205Ia 4500 | ||
|---|---|---|---|
| 005 | 20250923145918.0 | ||
| 008 | 008 250917s9999 xx 000 0 eng d | ||
| 037 | _aTextual | ||
| 040 |
_aDSWL _beng _cDSWL |
||
| 041 |
_aeng _2eng |
||
| 084 |
_aY11.1'N85t4, N95;1 _qDSWL |
||
| 100 |
_aGrant, J.P. _9840227 |
||
| 245 | 4 |
_aThe state of the words child revenue1995 _c by J.P. Grant |
|
| 260 |
_bW.Y. O.U.P. _c1995 |
||
| 300 | _a89p. | ||
| 365 | _bGift | ||
| 925 | _gGift | ||
| 942 |
_cTEXL _hY11.1'N85t4, N95;1 |
||
| 999 |
_c1457269 _d1457269 |
||